01105 a2200169 4500003000500000005001700005020001500022040000900037082001200046100002300058245007500081260004600156300001100202505065400213538003300867650003500900Nust20170207152507.0 a0854047840 cNust a621.367 aDenton, M.B. (Ed.) aFurther developments in scientific optical imagingcDenton, M.B. (Ed.) aLondonbRoyal Society of Chemistryc2000c a207 p. aAdvancements In Small-Pixel, Video Rate, Backside-Illuminated Charge-Coupled Devices Page 1, New Developments In Three-Dimensional Imaging With Optical Microscopes Page 7, Megacam Page 11.Signal Processing For The SAO Megacam Page 18, Advances In Scientific-Quality Detectors At JPL Page 24, Integrating Elemental And Molecular Imaging Page 31, Ccds For The Instrumentation Of The Telescopio Nazionale Galileo Page 40Spectral Imaging With A Prism Based Spectrometer Page 53, Combining Linear And Neural Processing In Analytic Instruments Page 64, ICIMACS Page 80, Electro-Optical Characterizations Of The CID 17PPRA, CID 38SG Page 83,ROLIS Page 118. aAlmirah No.24 and Shelf No.3 aTelecommunication Engineering.